000 00294nam a2200109Ia 4500
008 200302s9999 xx 000 0 und d
100 _aHarold Carter
245 _aThe Study of Urban Geography 4th ed
260 _bArnold A Member of the Hodder Headline Group
260 _c2002
300 _a420 P.,
999 _c5696
_d5696